PROFESSIONAL TEAMS THAT CHANGED - Statistics

General Stats
  • This quiz has been taken 17 times
  • The average score is 12 of 13
Answer Stats
Hint Answer % Correct
Colorado Avalanche
100%
Winnipeg Jets
100%
Oklahoma City Thunder
100%
Tennessee Titans
100%
Montreal Expos
94%
Carolina Hurricanes
94%
Arizona Coyotes
88%
Washington Nationals
88%
Houston Oilers
88%
Seattle Supersonics
88%
Hartford Whalers
81%
Quebec Nordiques
75%
Atlanta Thrashers
75%
No matching quizzes found
Score Distribution
Percent of People with Each Score
Percentile by Number Answered
Your Score History
You have not taken this quiz